00245nam a2200109Ia 4500008004100000100001100041245002000052260001700072650002200089942000700111999001700118190216s9999||||xx |||||||||||||| ||und|| aAntony 0aKallyana Chitti bNbs Kottayam aMalayalam Nadakam cBK c23597d23597